Normal view
MARC view
- Fuhrhop, Jürgen-Hinrich.
Entry Personal Name
001 - CONTROL NUMBER
- control field: 3324
003 - CONTROL NUMBER IDENTIFIER
- control field: NUST
005 - DATE AND TIME OF LATEST TRANSACTION
- control field: 20170717162218.0
008 - FIXED-LENGTH DATA ELEMENTS
- fixed length control field: 170717|| aca||aabn | a|a d
040 ## - CATALOGING SOURCE
- Original cataloging agency: NUST
- Transcribing agency: NUST
100 ## - HEADING--PERSONAL NAME
- Personal name: Fuhrhop, Jürgen-Hinrich.
670 ## - SOURCE DATA FOUND
- Source citation: Work cat.: (NUST)0: Fuhrhop, Jürgen-Hinrich., Metallic and molecular interactions in nanometer layers, pores and particles :, c2010.
